| Tag |
First Indicator |
Second Indicator |
Subfields |
| LEADER |
00000cam a22000001a 4500 |
| 001 |
in00003376708 |
| 006 |
m d f |
| 007 |
cr bn mmmapmmp |
| 008 |
100717s1999 dcu o f000 0 eng d |
| 005 |
20260430202743.7 |
| 035 |
|
|
|a cis2007894371
|
| 040 |
|
|
|a ProQuest
|c ProQuest
|d UtOrBLW
|
| 043 |
|
|
|a n-us---
|
| 099 |
|
|
|a CRS-1999-RSI-0008
|
| 110 |
2 |
|
|a Library of Congress.
|b Congressional Research Service.
|
| 245 |
1 |
0 |
|a Country-of-Origin Labeling for Foods :
|b Current Law and Proposed Changes.
|
| 264 |
|
1 |
|a [Place of publication not identified] :
|b [publisher not identified],
|c 1999.
|
| 300 |
|
|
|a 1 online resource.
|
| 336 |
|
|
|a text
|b txt
|2 rdacontent
|
| 337 |
|
|
|a computer
|b c
|2 rdamedia
|
| 338 |
|
|
|a online resource
|b cr
|2 rdacarrier
|
| 500 |
|
|
|a Record is based on bibliographic data in ProQuest U.S. Congressional Research Digital Collection (last viewed July 2010). Reuse except for individual research requires license from ProQuest, LLC.
|
| 500 |
|
|
|a CRS Report.
|
| 520 |
|
|
|a Reviews current country-of-origin food labeling requirements, meat and poultry inspection program provisions, and congressional action on meat and produce labeling. Discusses pro/con arguments for expanded labeling requirements.
|
| 500 |
|
|
|a Electronic resource.
|
| 650 |
|
0 |
|a International trade.
|
| 650 |
|
0 |
|a Food adulteration and inspection.
|
| 650 |
|
0 |
|a Labels.
|
| 655 |
|
7 |
|a Electronic books.
|2 local
|
| 710 |
2 |
|
|a ProQuest (Firm)
|
| 776 |
0 |
8 |
|i Microfiche version:
|a Library of Congress. Congressional Research Service.
|t Country-of-Origin Labeling for Foods
|
| 830 |
|
0 |
|a U.S. Congressional Research.
|
| 856 |
4 |
0 |
|u http://proxy.library.tamu.edu/login?url=https://congressional.proquest.com/congcomp/getdoc?CRDC-ID=CRS-1999-RSI-0008
|z Connect to the full text of this electronic book
|t 0
|
| 999 |
|
|
|a MARS
|
| 999 |
f |
f |
|s 93d31eea-5c5a-3164-b55d-d49875c313c2
|i aab9a5b8-3e41-3c2f-abfe-babeee463da9
|t 0
|
| 952 |
f |
f |
|a Texas A&M University
|b College Station
|c Electronic Resources
|s www_evans
|d Available Online
|t 0
|e CRS-1999-RSI-0008
|h Other scheme
|
| 998 |
f |
f |
|a CRS-1999-RSI-0008
|t 0
|l Available Online
|